| 000 | 00555nam a2200217Ia 4500 | ||
|---|---|---|---|
| 999 |
_c763 _d763 |
||
| 003 | 0100 | ||
| 008 | 130227s9999 xx 000 0 und d | ||
| 040 | _cARRUPELIB | ||
| 050 | _aGN705.G3 | ||
| 245 | _aMan before history | ||
| 260 |
_aEnglewood Cliffs _bPrentice-Hall |
||
| 300 | _avi | ||
| 300 | _b 183p 20cm | ||
| 440 |
_aThe Global history series _938230 |
||
| 650 |
_aMan, Prehistoric _xAddresses _938231 |
||
| 650 |
_aArchaeology _xAddresses _938232 |
||
| 700 |
_aGabel, Creighton (ed) _938233 |
||
| 942 |
_2lcc _cMONOGRAPH |
||